000 00539nam a2200193Ia 4500
005 20250508152707.0
008 008 250505s9999 xx 000 0 eng d
037 _aTextual
040 _aFEDL
_beng
_cFEDL
041 _aeng
_2eng
084 _a371.3, STA
_qFEDL
100 _aStaton Thomas F
_9762162
245 0 _aHow to instruct successfully
260 _aNew York, USA
_bMcGraw-Hill Book Company
_c1960
300 _a292p
650 _aTeaching Technique
942 _cTEXL
_h371.3, STA
999 _c1338098
_d1338098